000 00467nam a22001937a 4500
003 MPLRDC
005 20220104113836.0
008 210129b ||||| |||| 00| 0 eng d
020 _a957-9525-13-7
082 _a857.6 SWZ-6
100 _a苏伟贞
245 _a来不及长大
_c
250 _a四版
260 _a
_b洪范书店有限公司
_c1989
300 _b
490 _a洪范文学丛书. 203
650 _a短篇小说
942 _cBK
_o857.6 SWZ-6
999 _c2786
_d2776